000 00648nam a2200217 a 4500
005 20221007063456.0
008 991125n 000 0 u
035 _aUPN01000097309
100 1 _aBertely Busquets, María
_934134
222 _aCERO EN CONDUCTA
245 _aRepercusiones de la revolución educativa en el nivel preescolar
300 _a31-40
362 _a1985 Año 1, no. 1 (sep.-oct.)
653 0 _aEDUCACION INFANTIL
653 0 _aEDUCACION PREESCOLAR
653 0 _aJARDIN DE NIÑOS
653 0 _aREFORMA EDUCATIVA
650 _aFUNCION SOCIAL DE LA EDUCACION PREESCOLAR
904 _aAC
_b035120
905 _aArticulo
999 _c76118
_d76118